| 000 | 00851nam a22002535i 4500 | ||
|---|---|---|---|
| 001 | 163283 | ||
| 003 | ES-MaACL | ||
| 005 | 20250703063121.0 | ||
| 008 | 960229s1863 fr af |||| | fre d | ||
| 040 |
_aEUS _bspa _cEUS |
||
| 080 | _a27-31 | ||
| 100 | 1 |
_aRenan, Ernest, _d1823-1892 _996168 |
|
| 245 | 1 | 0 |
_aVie de Jésus / _cpar Ernest Renan. |
| 260 |
_aParís : _bMichel Lévy frères, _c1863 ( _fimprimerie de J. Claye) |
||
| 300 |
_a[4], LIX, 462 p. ; _c25 cm. |
||
| 490 | 1 | _aHistoire des origines du christianisme. 1 | |
| 596 | _aMarca de ed. en port. | ||
| 597 | _aSignaturizado. | ||
| 597 | _aAntep. | ||
| 600 | 0 | 4 |
_aJesucristo- _xBiografías. _9140032 |
| 830 | 0 |
_aHistoire des origines du christianisme. 1 _9222262 |
|
| 852 |
_aES-MaACL _jE-13114 _z.- Enc. hol. _z.- Legado de M. de la Fuente |
||
| 999 |
_c163283 _d163283 |
||